[Event "4NCL 3 South pool A"]
[Site "Maidenhead, ENG"]
[Date "2019.11.10"]
[Round "2.33"]
[White "Combie, Alex B"]
[Black "Compton, Alistair"]
[Result "0-1"]
[WhiteElo "1982"]
[BlackElo "2026"]
[PlyCount "96"]
[EventDate "2019.11.10"]
[WhiteTeam "Ashfield 1"]
[BlackTeam "The Rookies"]

1. e4 e6 2. d4 d5 3. Nc3 Nf6 4. e5 Nfd7 5. f4 c5 6. Nf3 Nc6 7. Be3 cxd4 8. Nxd4
Bc5 9. Qd2 O-O 10. O-O-O a6 11. Qf2 Nxd4 12. Bxd4 b6 13. Bd3 Bxd4 14. Qxd4 Nc5
15. Kb1 f6 16. f5 fxe5 17. Qxe5 Nxd3 18. Rxd3 Rxf5 19. Qd4 Bb7 20. Na4 Bc6 21.
Nxb6 Rb8 22. Nc4 Qc7 23. Nd2 Rf4 24. Qe3 e5 25. Re1 Rfb4 26. Rb3 e4 27. Qc5 Qb6
28. Qxb6 R8xb6 29. Rxb4 Rxb4 30. c3 Rb8 31. Nb3 Bb5 32. Nc1 Rf8 33. b3 Rf2 34.
c4 dxc4 35. bxc4 Bxc4 36. g3 Rf1 37. Rxf1 Bxf1 38. Kc2 Kf7 39. Kd2 Ke6 40. Ke3
Kd5 41. Nb3 Bc4 42. Nd2 Bxa2 43. Nxe4 Kc4 44. Nd6+ Kc3 45. Ne8 a5 46. Nxg7 a4
47. Nf5 a3 48. Nd4 Bc4 0-1

[Event "4NCL 3 South pool A"]
[Site "Maidenhead, ENG"]
[Date "2019.11.10"]
[Round "2.34"]
[White "Piper, Stephen J"]
[Black "Truman, Richard G"]
[Result "1-0"]
[WhiteElo "2056"]
[BlackElo "1990"]
[PlyCount "123"]
[EventDate "2019.11.10"]
[WhiteTeam "The Rookies"]
[BlackTeam "Ashfield 1"]

1. c4 Nf6 2. Nc3 d5 3. cxd5 Nxd5 4. g3 g6 5. Bg2 Nxc3 6. bxc3 Bg7 7. Rb1 O-O 8.
Rxb7 Bxb7 9. Bxb7 Nd7 10. Bxa8 Qxa8 11. f3 e5 12. Nh3 Re8 13. O-O Qc6 14. Qc2
Nc5 15. Nf2 h5 16. Ba3 Ne6 17. Qb3 Bh6 18. Rd1 Rd8 19. Bc1 Bg7 20. d3 Qb6 21.
Qxb6 axb6 22. Rd2 Ra8 23. Rc2 Ra4 24. Kf1 Kf8 25. Ke1 Ke8 26. Be3 Ra3 27. Nd1
Ra4 28. Bf2 Kd7 29. Ne3 Ra6 30. Nd5 Kd6 31. Ne3 Kd7 32. Nc4 Bf6 33. Nd2 Bg7 34.
Nb3 c5 35. c4 Nd4 36. Nxd4 exd4 37. Rb2 Kc6 38. Kd1 Ra8 39. Kc2 Re8 40. Kb3 Bh6
41. a4 Be3 42. Be1 Rb8 43. Kc2 Ra8 44. Ra2 Bg1 45. h3 Be3 46. a5 bxa5 47. Rxa5
Rxa5 48. Bxa5 Bf2 49. g4 Be3 50. Bd2 Bf2 51. Bf4 Be1 52. Kd1 Bf2 53. Kd2 Bh4
54. e3 Bf6 55. gxh5 gxh5 56. Ke2 Kb6 57. e4 Be7 58. Bd2 Kc6 59. f4 Kd6 60. Kf3
Ke6 61. f5+ Kf6 62. Bf4 1-0

[Event "4NCL 3 South pool A"]
[Site "Maidenhead, ENG"]
[Date "2019.11.10"]
[Round "2.35"]
[White "Garnett, John S"]
[Black "Jaszkiwskyj, Peter"]
[Result "1/2-1/2"]
[WhiteElo "1967"]
[BlackElo "1946"]
[PlyCount "43"]
[EventDate "2019.11.10"]
[WhiteTeam "Ashfield 1"]
[BlackTeam "The Rookies"]

1. c4 c6 2. Nf3 Nf6 3. d4 d5 4. Qc2 g6 5. Bf4 Bf5 6. Qb3 Qb6 7. e3 Nbd7 8. Nc3
Bg7 9. Be2 O-O 10. O-O Bg4 11. Qxb6 Nxb6 12. cxd5 cxd5 13. Rac1 Rac8 14. Ne5
Bxe2 15. Nxe2 Nh5 16. Nd3 Nxf4 17. Nexf4 e6 18. b3 Rxc1 19. Rxc1 Rc8 20. Rc5
Bf8 21. Rxc8 Nxc8 22. Kf1 1/2-1/2

[Event "4NCL 3 South pool A"]
[Site "Maidenhead, ENG"]
[Date "2019.11.10"]
[Round "2.36"]
[White "Gibson, Christopher A"]
[Black "Walker, Andrew N"]
[Result "1/2-1/2"]
[WhiteElo "1851"]
[BlackElo "1960"]
[PlyCount "40"]
[EventDate "2019.11.10"]
[WhiteTeam "The Rookies"]
[BlackTeam "Ashfield 1"]

1. e4 e5 2. Nf3 Nc6 3. Bc4 Be7 4. d3 d6 5. O-O Nf6 6. Re1 O-O 7. a4 Bg4 8. h3
Bd7 9. c3 Qc8 10. Na3 Be6 11. Bd2 Bxc4 12. Nxc4 Nd7 13. Ne3 Bf6 14. Qe2 g6 15.
Nd5 Bg7 16. b4 Nb6 17. Ne3 a5 18. b5 Ne7 19. c4 Nd7 20. Nd5 Nxd5 1/2-1/2

[Event "4NCL 3 South pool A"]
[Site "Maidenhead, ENG"]
[Date "2019.11.10"]
[Round "2.41"]
[White "Harley, Andrew D"]
[Black "Burrows, Nick"]
[Result "1/2-1/2"]
[WhiteElo "2198"]
[BlackElo "2065"]
[PlyCount "43"]
[EventDate "2019.11.10"]
[WhiteTeam "Poisoned Pawns 1"]
[BlackTeam "Oxford 3"]

1. e4 e6 2. d4 d5 3. Nc3 Bb4 4. e5 b6 5. Bd2 Ne7 6. Bb5+ c6 7. Ba4 Bd7 8. a3
Bxc3 9. Bxc3 c5 10. Bb3 Bb5 11. Nf3 Nbc6 12. Qd2 Rc8 13. O-O-O cxd4 14. Nxd4
Nxd4 15. Qxd4 O-O 16. Qg4 Nf5 17. Bxd5 Nh6 18. Qb4 Qe8 19. Bb3 a5 20. Qf4 Qe7
21. Rd6 Nf5 22. Rxb6 1/2-1/2

[Event "4NCL 3 South pool A"]
[Site "Maidenhead, ENG"]
[Date "2019.11.10"]
[Round "2.42"]
[White "Rogozinski, Andrew"]
[Black "Davison, Chris"]
[Result "1/2-1/2"]
[WhiteElo "2065"]
[BlackElo "2044"]
[PlyCount "79"]
[EventDate "2019.11.10"]
[WhiteTeam "Oxford 3"]
[BlackTeam "Poisoned Pawns 1"]

1. e4 e5 2. Nf3 Nc6 3. Bb5 Nf6 4. d3 Bc5 5. c3 d6 6. a4 a6 7. Bc4 O-O 8. Nbd2
Be6 9. b4 Ba7 10. O-O d5 11. exd5 Nxd5 12. Qb3 Nf4 13. Bxe6 fxe6 14. Ne4 Ne2+
15. Kh1 Qxd3 16. Nfg5 Kh8 17. Bb2 Ned4 18. Qd1 Qxd1 19. Raxd1 Nf5 20. Nxe6 Rf7
21. Bc1 h6 22. Rd5 Re8 23. N6c5 Bxc5 24. Nxc5 e4 25. Kg1 Nd6 26. Re1 Rfe7 27.
Bf4 Ne5 28. Bxe5 Rxe5 29. Rxe5 Rxe5 30. Re3 Rd5 31. g3 Rd1+ 32. Kg2 Rc1 33. h4
Kg8 34. f3 Rc2+ 35. Kh3 exf3 36. Rxf3 h5 37. Ne6 Ne4 38. Nxc7 Nf6 39. Rf5 Rxc3
40. Nd5 1/2-1/2

[Event "4NCL 3 South pool A"]
[Site "Maidenhead, ENG"]
[Date "2019.11.10"]
[Round "2.43"]
[White "Byway, Paul V"]
[Black "MacQueen, Stuart"]
[Result "1/2-1/2"]
[WhiteElo "2030"]
[BlackElo "2057"]
[PlyCount "63"]
[EventDate "2019.11.10"]
[WhiteTeam "Poisoned Pawns 1"]
[BlackTeam "Oxford 3"]

1. Nf3 d5 2. e3 Nf6 3. c4 e6 4. d4 Be7 5. Bd3 dxc4 6. Bxc4 O-O 7. O-O b6 8. b3
Bb7 9. Bb2 Nbd7 10. Nbd2 c5 11. Qe2 Rc8 12. Rac1 Bd6 13. Ba6 Qc7 14. dxc5 Nxc5
15. Bxb7 Qxb7 16. Nc4 Be7 17. Rfd1 Qa6 18. Nd4 Rfd8 19. Qf1 Nfe4 20. f3 Nf6 21.
Na3 Qb7 22. e4 Nh5 23. Nc4 Nf4 24. Rb1 b5 25. Ne5 Bf6 26. Ng4 Be7 27. Nf2 a6
28. g3 Ng6 29. Ne2 h5 30. Rxd8+ Rxd8 31. Rd1 Rc8 32. Bd4 1/2-1/2

[Event "4NCL 3 South pool A"]
[Site "Maidenhead, ENG"]
[Date "2019.11.10"]
[Round "2.44"]
[White "Kadodwala, Nalin"]
[Black "Kemp, Paul R"]
[Result "0-1"]
[WhiteElo "2027"]
[BlackElo "2030"]
[PlyCount "146"]
[EventDate "2019.11.10"]
[WhiteTeam "Oxford 3"]
[BlackTeam "Poisoned Pawns 1"]

1. Nf3 d5 2. g3 Nf6 3. Bg2 Bf5 4. c4 c6 5. O-O e6 6. d3 dxc4 7. dxc4 Qxd1 8.
Rxd1 Bc5 9. b3 Nbd7 10. Bb2 O-O 11. Nc3 Rfd8 12. e3 h6 13. h3 Bb6 14. b4 Rac8
15. Nd2 Bc2 16. Rdc1 Bd3 17. Nce4 Nxe4 18. Nxe4 Bxe4 19. Bxe4 Nf6 20. Bc2 Bc7
21. Rd1 b6 22. Kg2 Rxd1 23. Rxd1 Rd8 24. Rxd8+ Bxd8 25. Be5 Be7 26. b5 cxb5 27.
cxb5 Nd7 $11 28. Bc7 Kf8 29. Be4 Bc5 30. Bc6 Ke7 31. Bxd7 Kxd7 32. Be5 f6 33.
Bb2 Kd6 34. e4 Bb4 35. a3 Bd2 36. Bd4 e5 37. Bb2 Kc5 38. Kf3 Kc4 39. Ke2 Bc3
40. Bc1 Kxb5 41. Kd3 Bd4 42. f3 Ka4 43. Kc4 b5+ 44. Kd5 a5 45. g4 Kb3 46. h4
Kc2 47. Bxh6 gxh6 48. Ke6 b4 49. axb4 axb4 50. Kxf6 b3 51. g5 hxg5 52. hxg5 b2
53. g6 b1=Q 54. g7 Qb6+ 55. Kf7 Qc7+ 56. Kf6 Qd6+ 57. Kf7 Qd7+ 58. Kg6 Qe8+ 59.
Kh7 Qh5+ 60. Kg8 Bc5 61. f4 exf4 62. e5 Qg6 63. Kh8 Qh6+ 64. Kg8 f3 65. e6
Qxe6+ 66. Kh7 f2 67. g8=Q Qxg8+ 68. Kxg8 f1=Q 69. Kg7 Be7 70. Kg6 Qf6+ 71. Kh7
Qg5 72. Kh8 Bf6+ 73. Kh7 Qg7# 0-1

[Event "4NCL 3 South pool A"]
[Site "Maidenhead, ENG"]
[Date "2019.11.10"]
[Round "2.45"]
[White "Rosen, Daniel B"]
[Black "Hadi, Justin"]
[Result "0-1"]
[WhiteElo "1990"]
[BlackElo "1978"]
[PlyCount "50"]
[EventDate "2019.11.10"]
[WhiteTeam "Poisoned Pawns 1"]
[BlackTeam "Oxford 3"]

1. e4 c5 2. Nc3 g6 3. g3 Bg7 4. Bg2 Nc6 5. d3 Rb8 6. Nf3 b5 7. O-O d6 8. Ne2
Nf6 9. c3 O-O 10. Qc2 b4 11. h3 Qb6 12. Bd2 a5 13. Rab1 Ba6 14. Be3 Nd7 15.
Rfd1 b3 16. axb3 Qxb3 17. Qxb3 Rxb3 18. Nc1 Rb6 19. d4 Rfb8 20. dxc5 Nxc5 21.
Nd4 Nxd4 22. cxd4 Na4 23. Bd2 Nxb2 24. Bxa5 Rb5 25. Ra1 Nxd1 0-1

[Event "4NCL 3 South pool A"]
[Site "Maidenhead, ENG"]
[Date "2019.11.10"]
[Round "2.46"]
[White "Wilson, Edgar"]
[Black "McMahon, Paul"]
[Result "1-0"]
[WhiteElo "2012"]
[BlackElo "1939"]
[PlyCount "59"]
[EventDate "2019.11.10"]
[WhiteTeam "Oxford 3"]
[BlackTeam "Poisoned Pawns 1"]

1. e4 d5 2. exd5 Qxd5 3. Nc3 Qd6 4. d4 Nf6 5. Nf3 Bg4 6. Be2 c6 7. O-O Nbd7 8.
Re1 e6 9. Bg5 Qc7 10. Ne5 Nxe5 11. dxe5 Bxe2 12. Qxe2 Nd5 13. Bd2 Be7 14. Kh1
O-O-O 15. f4 h5 16. Ne4 f6 17. c4 Nb4 18. Bc3 Nd3 19. Red1 Nxf4 20. Qe3 fxe5
21. Qxa7 Ng6 22. Ba5 b6 23. Qa8+ Qb8 24. Qxc6+ Qc7 25. Qxe6+ Kb7 26. Bc3 Rh6
27. Rxd8 Bxd8 28. Rd1 Nf8 29. Qd5+ Qc6 30. Qxc6+ 1-0

[Event "4NCL 3 South pool A"]
[Site "Maidenhead, ENG"]
[Date "2020.01.11"]
[Round "3.11"]
[White "Harley, Andrew D"]
[Black "Lukosius, Rolandas"]
[Result "1/2-1/2"]
[WhiteElo "2184"]
[BlackElo "2114"]
[PlyCount "45"]
[EventDate "2020.01.11"]
[WhiteTeam "Poisoned Pawns 1"]
[BlackTeam "Wessex A"]

1. e4 c5 2. c3 d5 3. exd5 Qxd5 4. d4 Nc6 5. Nf3 Bg4 6. Be2 e6 7. h3 Bh5 8. c4
Qd8 9. d5 exd5 10. g4 Bg6 11. cxd5 Qa5+ 12. Bd2 Nb4 13. O-O O-O-O 14. Nc3 Qb6
15. Bf4 Nf6 16. Bc4 Bd6 17. Bg5 h6 18. Bxf6 gxf6 19. a3 Na6 20. Na4 Qa5 21.
Bxa6 Qxa6 22. Nxc5 Qb5 23. b4 1/2-1/2

[Event "4NCL 3 South pool A"]
[Site "Maidenhead, ENG"]
[Date "2020.01.11"]
[Round "3.12"]
[White "Wilson, Jaimie"]
[Black "Davison, Chris"]
[Result "1-0"]
[WhiteElo "2112"]
[BlackElo "2053"]
[PlyCount "47"]
[EventDate "2020.01.11"]
[WhiteTeam "Wessex A"]
[BlackTeam "Poisoned Pawns 1"]

1. c4 Nf6 2. Nf3 g6 3. g3 Bg7 4. Bg2 O-O 5. b3 Ne4 6. d4 c5 7. O-O f5 8. Bb2
Nc6 9. Nbd2 Qa5 10. Nxe4 fxe4 11. Ng5 Nxd4 12. Nxe4 d6 13. Bc3 Qc7 14. e3 Nf5
15. h4 Bd7 16. h5 Bc6 17. Bxg7 Nxg7 18. hxg6 hxg6 19. Qg4 Be8 20. Ng5 e6 21.
Qh3 Rf7 22. Qh7+ Kf8 23. Bh3 Ke7 24. Qxg6 1-0

[Event "4NCL 3 South pool A"]
[Site "Maidenhead, ENG"]
[Date "2020.01.11"]
[Round "3.13"]
[White "Byway, Paul V"]
[Black "Goater, Kevin P"]
[Result "1/2-1/2"]
[WhiteElo "2038"]
[BlackElo "2102"]
[PlyCount "45"]
[EventDate "2020.01.11"]
[WhiteTeam "Poisoned Pawns 1"]
[BlackTeam "Wessex A"]

1. Nf3 c6 2. c4 d5 3. e3 Nf6 4. d4 g6 5. Nc3 Bg7 6. Qb3 O-O 7. Bd2 e6 8. cxd5
exd5 9. Be2 Nbd7 10. O-O Re8 11. Rfc1 Ne4 12. Be1 Nf8 13. Nxe4 Rxe4 14. Bd3 Re8
15. h3 Ne6 16. Qd1 Ng5 17. Nxg5 Qxg5 18. Qf3 Bd7 19. Bb4 Re6 20. Qg4 Qd8 21.
Qg3 a5 22. Ba3 Bf6 23. Qf3 1/2-1/2

[Event "4NCL 3 South pool A"]
[Site "Maidenhead, ENG"]
[Date "2020.01.11"]
[Round "3.14"]
[White "McDougall, William"]
[Black "Kemp, Paul R"]
[Result "1/2-1/2"]
[WhiteElo "2085"]
[BlackElo "2021"]
[PlyCount "89"]
[EventDate "2020.01.11"]
[WhiteTeam "Wessex A"]
[BlackTeam "Poisoned Pawns 1"]

1. d4 d5 2. c4 c6 3. Nf3 Nf6 4. g3 Bf5 5. Nc3 dxc4 6. Bg2 Nbd7 7. O-O h6 8. Re1
e6 9. e4 Bh7 10. d5 Bc5 11. dxe6 fxe6 12. Nd4 Nf8 13. Be3 Qe7 14. Qa4 Bxd4 15.
Bxd4 e5 16. Be3 N8d7 17. Qxc4 Bg8 18. Qa4 Be6 19. f3 a5 $11 20. Rac1 Qb4 21.
Qc2 O-O 22. Kh1 Rfd8 23. Qf2 a4 24. Red1 Qa5 25. Rd6 Kf7 26. h4 Ke7 27. Rdd1
Ne8 28. Kh2 Nd6 29. Bh3 Bxh3 30. Kxh3 Nc4 31. Qe2 Nxe3 32. Qxe3 Qb4 33. Rc2 a3
34. b3 Nf8 35. Rcd2 Ne6 36. Ne2 Rxd2 37. Rxd2 Rd8 38. Rxd8 Kxd8 39. Kg2 Qe1 40.
Qd3+ Kc7 41. Qc4 Qd2 42. Qxe6 Qxe2+ 43. Kh3 Qxa2 44. Qxe5+ Kb6 45. b4 1/2-1/2

[Event "4NCL 3 South pool A"]
[Site "Maidenhead, ENG"]
[Date "2020.01.11"]
[Round "3.15"]
[White "Rosen, Daniel B"]
[Black "Pye, David E"]
[Result "1/2-1/2"]
[WhiteElo "1989"]
[BlackElo "2057"]
[PlyCount "133"]
[EventDate "2020.01.11"]
[WhiteTeam "Poisoned Pawns 1"]
[BlackTeam "Wessex A"]

1. e4 e6 2. d4 d5 3. Nc3 Nc6 4. Nf3 Nf6 5. Bg5 Be7 6. e5 Ne4 7. Bxe7 Qxe7 8.
Bd3 Qb4 9. Bxe4 dxe4 10. a3 Qxb2 11. Nxe4 Qb5 12. Qe2 Qxe2+ 13. Kxe2 b6 14.
Rhd1 Ba6+ 15. Ke1 Rd8 16. c3 O-O 17. Nfd2 f5 18. Ng5 Rfe8 19. f4 h6 20. Ngf3
Ne7 21. g3 Bd3 22. Kf2 Bc2 23. Rdc1 Ba4 24. Nc4 Kf7 25. Rab1 Rg8 26. h4 Bc6 27.
Ncd2 Ba8 28. Rb2 Rd5 29. Nc4 Rd7 30. Ncd2 Nc6 31. Nc4 Bb7 32. Rg1 Ke8 33. Ne3
Ne7 34. Rbb1 Kd8 35. Rgd1 Kc8 36. Rg1 Rf8 37. Rgc1 Kb8 38. Nc4 Rfd8 39. Rb2 Ka8
40. Nfd2 Rh8 41. a4 g5 42. fxg5 hxg5 43. a5 f4 44. axb6 fxg3+ 45. Kxg3 Nf5+ 46.
Kf2 Rxh4 47. bxa7 Rf7 48. Ke2 Ng3+ 49. Kd3 Be4+ 50. Nxe4 Nxe4 51. Rb8+ Kxa7 52.
Rb4 Nf2+ 53. Ke2 Rh1 54. Rc2 Ra1 55. Rcb2 Ne4 56. Kd3 Nf2+ 57. Kc2 Nd1 58. Rb7+
Ka6 59. R2b6+ cxb6 60. Rxf7 b5 61. Nd6 Ne3+ 62. Kd3 Nd5 63. Rf3 b4 64. cxb4
Nxb4+ 65. Ke2 Ra2+ 66. Kf1 Nc6 67. Rg3 1/2-1/2

[Event "4NCL 3 South pool A"]
[Site "Maidenhead, ENG"]
[Date "2020.01.11"]
[Round "3.16"]
[White "Pleasants, Allan J"]
[Black "McMahon, Paul"]
[Result "1-0"]
[WhiteElo "2046"]
[BlackElo "1926"]
[PlyCount "95"]
[EventDate "2020.01.11"]
[WhiteTeam "Wessex A"]
[BlackTeam "Poisoned Pawns 1"]

1. Nf3 Nf6 2. g3 g6 3. Bg2 Bg7 4. O-O O-O 5. c4 c5 6. Nc3 d5 7. cxd5 Nxd5 8.
Qa4 Nb6 9. Qh4 e5 10. d3 Qxh4 11. Nxh4 f5 12. Be3 N8d7 13. a4 Rb8 14. a5 Na8
15. Nd5 b6 16. axb6 Naxb6 17. Rxa7 e4 18. dxe4 Nxd5 19. exd5 Rxb2 20. Nf3 Rxe2
21. Rc1 Rb2 22. Ng5 Rb7 23. Ra2 Re8 24. d6 Rb6 25. Bd5+ Kh8 26. Nf7+ Kg8 27.
Ng5+ Kh8 28. Nf7+ Kg8 29. Ra8 Kf8 30. Ng5 Bb2 31. Rd1 Rb8 32. Rxb8 Nxb8 33. Rb1
Be5 34. Rxb8 Bxd6 35. Ra8 Kg7 36. Ne6+ Kf6 37. Nxc5 Bxc5 38. Bxc5 Re1+ 39. Kg2
Bd7 40. Bd4+ Ke7 41. Be3 Bb5 42. h4 Rd1 43. Bg5+ Kd6 44. Bf3 Bf1+ 45. Kh2 Rb1
46. Rd8+ Ke6 47. Bd5+ Ke5 48. f4+ 1-0

[Event "4NCL 3 South pool A"]
[Site "Maidenhead, ENG"]
[Date "2020.01.11"]
[Round "3.21"]
[White "Farrand, Tom"]
[Black "Madden, Paul"]
[Result "0-1"]
[WhiteElo "2153"]
[BlackElo "2125"]
[PlyCount "54"]
[EventDate "2020.01.11"]
[WhiteTeam "CSC 1"]
[BlackTeam "Ashfield 1"]

1. e4 e6 2. d4 d5 3. Nc3 Nf6 4. Bg5 Bb4 5. exd5 Qxd5 6. Bxf6 gxf6 7. Qd2 Qa5 8.
Nge2 Bd7 9. O-O-O Na6 10. Qf4 Be7 11. Kb1 O-O-O 12. Ng3 Bc6 13. Nge4 e5 14.
Qf5+ Bd7 15. Qh5 f5 16. Nd2 exd4 17. Nb3 Qe5 18. Bxa6 dxc3 19. Rhe1 Qf6 20. Qe2
Bb4 21. Qc4 Qb6 22. Rd4 Bd6 23. Bxb7+ Kxb7 24. Qxc3 Rhe8 25. Red1 Be5 26. Na5+
Kc8 27. Qf3 Bxd4 0-1

[Event "4NCL 3 South pool A"]
[Site "Maidenhead, ENG"]
[Date "2020.01.11"]
[Round "3.22"]
[White "Walker, Andrew N"]
[Black "Frostick, Clive A"]
[Result "1/2-1/2"]
[WhiteElo "1960"]
[BlackElo "2091"]
[PlyCount "41"]
[EventDate "2020.01.11"]
[WhiteTeam "Ashfield 1"]
[BlackTeam "CSC 1"]

1. e4 c5 2. d4 cxd4 3. c3 Nf6 4. e5 Nd5 5. Nf3 Nc6 6. Bc4 Nb6 7. Bb3 d5 8. exd6
Qxd6 9. cxd4 Be6 10. O-O Bxb3 11. Qxb3 e6 12. Nc3 Be7 13. Nb5 Qb8 14. Bg5 Nd5
15. Bxe7 Ndxe7 16. Nc3 O-O 17. Rad1 Rd8 18. d5 exd5 19. Nxd5 Nxd5 20. Rxd5 Rxd5
21. Qxd5 1/2-1/2

[Event "4NCL 3 South pool A"]
[Site "Maidenhead, ENG"]
[Date "2020.01.11"]
[Round "3.23"]
[White "Fegan, Chris"]
[Black "Gogia, Armaan"]
[Result "1/2-1/2"]
[WhiteElo "2061"]
[BlackElo "1952"]
[PlyCount "77"]
[EventDate "2020.01.11"]
[WhiteTeam "CSC 1"]
[BlackTeam "Ashfield 1"]

1. e4 c5 2. a3 e6 3. Nf3 Nc6 4. Nc3 a6 5. d4 cxd4 6. Nxd4 Qc7 7. g3 Nf6 8. Bg2
Be7 9. O-O O-O 10. Kh1 d6 11. f4 Nxd4 12. Qxd4 e5 13. Qd3 Be6 14. Nd5 Nxd5 15.
exd5 Bd7 16. b3 Bf6 17. Be4 h6 18. Bb2 Rae8 19. Rae1 Qd8 20. a4 exf4 21. Bxf6
Qxf6 22. Rxf4 Qg5 23. h4 Qh5 24. Ref1 g5 25. Rf6 gxh4 26. g4 Qe5 27. Bh7+ Kg7
28. Rxf7+ Rxf7 29. Qg6+ Kh8 30. Qxf7 Qg7 31. Bd3 Qxf7 $11 32. Rxf7 Bxg4 33. Rf6
h5 34. Kg2 Rd8 35. Rf7 Rd7 36. Rf6 Kg7 37. Rg6+ Kf7 38. Rh6 Kg7 39. Rg6+
1/2-1/2

[Event "4NCL 3 South pool A"]
[Site "Maidenhead, ENG"]
[Date "2020.01.11"]
[Round "3.24"]
[White "Combie, Alex B"]
[Black "Kalitsis, Nikolaos"]
[Result "1/2-1/2"]
[WhiteElo "1982"]
[BlackElo "2049"]
[PlyCount "92"]
[EventDate "2020.01.11"]
[WhiteTeam "Ashfield 1"]
[BlackTeam "CSC 1"]

1. Nf3 f5 2. d3 Nf6 3. g3 Nc6 4. Bg2 e5 5. e4 Bc5 6. O-O d6 7. Nc3 a6 8. Bg5 h6
9. Bxf6 Qxf6 10. Nh4 O-O 11. exf5 Bxf5 12. Bd5+ Be6 13. Ne4 Qf7 14. Bxe6 Qxe6
15. Nxc5 dxc5 16. Ng2 Nd4 17. f4 exf4 18. Nxf4 Qe3+ 19. Kg2 Rae8 20. c3 g5 21.
cxd4 gxf4 22. dxc5 f3+ 23. Rxf3 Qe2+ 24. Qxe2 Rxe2+ 25. Kf1 Rxh2 26. Rxf8+ Kxf8
27. Kg1 Rxb2 28. Rf1+ Ke7 29. a4 Ke6 30. Re1+ Kf6 31. Re4 h5 32. Rd4 a5 33. c6
bxc6 34. Rc4 Kg5 35. Rxc6 Kg4 36. Rxc7 Kxg3 37. Rg7+ Kf4 38. Ra7 h4 39. Rxa5
Ra2 40. Ra8 Ke3 41. d4 Kxd4 42. Rh8 Kc5 43. Rxh4 Kb6 44. Kf1 Ka5 45. Ke1 Rxa4
46. Rxa4+ Kxa4 1/2-1/2

[Event "4NCL 3 South pool A"]
[Site "Maidenhead, ENG"]
[Date "2020.01.11"]
[Round "3.25"]
[White "Garwood, Colin"]
[Black "Truman, Richard G"]
[Result "1/2-1/2"]
[WhiteElo "2050"]
[BlackElo "1990"]
[PlyCount "113"]
[EventDate "2020.01.11"]
[WhiteTeam "CSC 1"]
[BlackTeam "Ashfield 1"]

1. c4 Nf6 2. Nc3 d5 3. cxd5 Nxd5 4. g3 g6 5. Bg2 Nb6 6. d3 Bg7 7. a4 c6 8. a5
Nd5 9. Nxd5 cxd5 10. Qb3 e6 11. Nf3 O-O 12. Bg5 Qd6 13. O-O Nc6 14. Rfc1 Bd7
15. Bf4 e5 16. Be3 d4 17. Bd2 h6 18. Ne1 Rab8 19. Qa3 Qxa3 20. Rxa3 Rfc8 21.
Rb3 Bf8 22. f4 exf4 23. a6 bxa6 24. Bxc6 Rxb3 25. Bxd7 Rd8 26. Ba4 Rxb2 27.
Bxf4 Rxe2 28. Nf3 Bg7 29. h4 Ra2 30. Bb3 Rb2 31. Bc4 a5 32. Ne5 Rf8 33. Nxg6
Re8 34. Bd6 Ree2 35. Nf4 Re3 36. Nd5 Ree2 37. Nf4 Re3 38. Ng2 Ree2 39. Ne1 Be5
40. Bxe5 Rxe5 41. Ng2 Ree2 42. Bd5 a4 43. Ra1 Rb4 44. Bc6 Reb2 45. Bxa4 Rb1+
46. Rxb1 Rxb1+ 47. Kf2 Rb4 48. Bc6 a5 49. Ne1 Rb2+ 50. Kf3 Kg7 51. Kf4 Ra2 52.
Nf3 a4 53. Nxd4 a3 54. Nb3 Rb2 55. Bd5 a2 56. Na1 Rb1 57. Bxa2 1/2-1/2

[Event "4NCL 3 South pool A"]
[Site "Maidenhead, ENG"]
[Date "2020.01.11"]
[Round "3.26"]
[White "Naylor, Michael A"]
[Black "Scrimgour, Alan"]
[Result "0-1"]
[WhiteElo "1967"]
[BlackElo "2051"]
[PlyCount "108"]
[EventDate "2020.01.11"]
[WhiteTeam "Ashfield 1"]
[BlackTeam "CSC 1"]

1. e4 c5 2. Nf3 e6 3. d4 cxd4 4. Nxd4 Nc6 5. Nc3 Qc7 6. Be2 a6 7. a3 Nf6 8. O-O
Be7 9. Kh1 O-O 10. f4 d6 11. Bf3 Nxd4 12. Qxd4 e5 13. Qd3 Be6 14. Nd5 Bxd5 15.
exd5 Rac8 16. c3 Nd7 17. Be4 Nf6 18. Bf5 Qc4 19. Qxc4 Rxc4 20. Bd3 Rc7 21. c4
e4 $11 22. Be2 Nd7 23. Rb1 f5 24. Be3 b6 25. b3 Bf6 26. g4 g6 27. Rg1 Kf7 28.
gxf5 gxf5 29. Bh5+ Ke7 30. Rg3 b5 31. Be2 Rb8 32. Rh3 Nf8 33. c5 dxc5 34. Rh6
Rd8 35. Rd1 Bd4 36. Bxd4 cxd4 37. Rxd4 Rd6 38. Rh5 Kf6 39. Kg2 Ng6 40. Kf2 Nxf4
41. Rh6+ Ng6 42. a4 Ke5 43. Rb4 Rxd5 44. axb5 axb5 45. Rxb5 Rxb5 46. Bxb5 f4
47. Rh5+ Kd4 48. Bc4 Ne5 49. Rf5 f3 50. h4 Nxc4 51. bxc4 Rxc4 52. h5 Rc2+ 53.
Ke1 Ke3 54. Kd1 Rh2 0-1

[Event "4NCL 3 South pool A"]
[Site "Maidenhead, ENG"]
[Date "2020.01.11"]
[Round "3.31"]
[White "Rasanen, Otto"]
[Black "Ratnesan, Ranesh"]
[Result "0-1"]
[WhiteElo "1921"]
[BlackElo "2252"]
[PlyCount "74"]
[EventDate "2020.01.11"]
[WhiteTeam "Oxford 3"]
[BlackTeam "Surbiton"]

1. d4 d5 2. c4 c6 3. Nf3 Nf6 4. e3 Bf5 5. Nc3 e6 6. Nh4 Bg6 7. Be2 Nbd7 8. O-O
Bd6 9. g3 Qe7 10. Qb3 Rb8 11. Nxg6 hxg6 12. Qc2 O-O 13. Bd2 a6 14. c5 Bc7 15.
b4 e5 16. Rfe1 e4 17. f3 Rbe8 18. a4 exf3 19. Bxf3 Ne4 20. b5 f5 21. Nxe4 fxe4
22. Be2 Nf6 23. Rf1 axb5 24. axb5 Nh7 25. Kg2 Qe6 26. h3 Qe7 27. bxc6 Qg5 28.
g4 bxc6 29. Ra7 Rxf1 30. Bxf1 Bb8 31. Ra1 Rf8 32. Qd1 Qf6 33. Qe2 Ng5 34. Be1
Nf3 35. Bg3 Bxg3 36. Kxg3 Qh4+ 37. Kg2 Ng5 0-1

[Event "4NCL 3 South pool A"]
[Site "Maidenhead, ENG"]
[Date "2020.01.11"]
[Round "3.32"]
[White "Shepherd, Paul D"]
[Black "Hadi, Justin"]
[Result "0-1"]
[WhiteElo "2110"]
[BlackElo "1976"]
[PlyCount "114"]
[EventDate "2020.01.11"]
[WhiteTeam "Surbiton"]
[BlackTeam "Oxford 3"]

1. e4 e5 2. Nf3 Nc6 3. Bb5 a6 4. Ba4 Nf6 5. d3 b5 6. Bb3 Bc5 7. c3 Bb7 8. O-O
O-O 9. a4 h6 10. Re1 d6 11. h3 Re8 12. Nbd2 Ne7 13. Nf1 Ng6 14. Be3 Qd7 15. Kh2
Rab8 16. axb5 axb5 17. g3 Bxe3 18. Nxe3 d5 19. exd5 Nxd5 20. Nxd5 Bxd5 21. Bxd5
Qxd5 22. Qe2 c5 23. Qe4 Rbd8 24. Ra5 Qxd3 25. Qxd3 Rxd3 26. Kg2 e4 27. Ng1 b4
28. Rxc5 bxc3 29. bxc3 Nf8 30. Re3 Rxe3 31. fxe3 Nd7 32. Rc7 Ne5 33. Ne2 Rd8
34. Nd4 Kf8 35. g4 g6 36. Kg3 Nd3 37. Nb3 Rd6 38. Nc5 Nxc5 39. Rxc5 Rf6 40. Rc4
Rf3+ 41. Kg2 Rxe3 42. h4 Ke7 43. Rc6 Rf3 44. Rc4 f5 45. gxf5 gxf5 46. Rc6 Kf7
47. c4 Rc3 48. Rxh6 Rxc4 49. Kg3 e3 50. Kf3 Re4 51. Ke2 f4 52. Rh5 Kg6 53. Rh8
Kg7 54. Rh5 f3+ 55. Ke1 Ra4 56. Kd1 Ra1+ 57. Kc2 e2 0-1

[Event "4NCL 3 South pool A"]
[Site "Maidenhead, ENG"]
[Date "2020.01.11"]
[Round "3.33"]
[White "Terry, Sean"]
[Black "Seymour, Timothy P"]
[Result "1-0"]
[WhiteElo "1914"]
[BlackElo "2104"]
[PlyCount "63"]
[EventDate "2020.01.11"]
[WhiteTeam "Oxford 3"]
[BlackTeam "Surbiton"]

1. e4 e5 2. Nf3 Nc6 3. Bb5 a6 4. Ba4 g6 5. c3 Bg7 6. O-O Nge7 7. d4 exd4 8.
cxd4 O-O 9. d5 Na5 10. Nc3 d6 11. Nd4 b5 12. Bc2 Bb7 13. f4 c6 14. f5 Nc8 15.
Nf3 Nc4 16. Qe2 Re8 17. fxg6 hxg6 18. Ng5 cxd5 19. Qg4 Qb6+ 20. Kh1 dxe4 21.
Qh4 Ne5 22. Qh7+ Kf8 23. Nxf7 Nxf7 24. Qxg6 Re7 25. Bg5 Rc7 26. Bd8 Kg8 27.
Bxc7 Qxc7 28. Bb3 d5 29. Nxd5 Bxd5 30. Bxd5 Ncd6 31. Bxa8 Qc4 32. b3 1-0

[Event "4NCL 3 South pool A"]
[Site "Maidenhead, ENG"]
[Date "2020.01.11"]
[Round "3.34"]
[White "Way, Julian M"]
[Black "Nandi, Robin J"]
[Result "1-0"]
[WhiteElo "1966"]
[BlackElo "1904"]
[PlyCount "57"]
[EventDate "2020.01.11"]
[WhiteTeam "Surbiton"]
[BlackTeam "Oxford 3"]

1. g3 d5 2. Nf3 Nf6 3. Bg2 c5 4. O-O Nc6 5. d4 Bg4 6. c3 e6 7. Bf4 Bd6 8. Nbd2
O-O 9. Re1 Bxf4 10. gxf4 cxd4 11. cxd4 Qb6 12. Qa4 Bxf3 13. Nxf3 Ne4 14. Rab1
Rac8 15. a3 Na5 16. Ne5 Nd2 17. Rbd1 Nac4 18. Nd7 Qc7 19. Nxf8 Nxb2 20. Qb4
Nxd1 21. Qxd2 Nc3 22. Nxe6 fxe6 23. Qe3 Qd6 24. Bf3 Nb5 25. Bg4 Rc6 26. Rb1
Nxa3 27. Rxb7 Nc4 28. Qg3 Rc7 29. Bxe6+ 1-0